Central Library OPAC University of Rajshahi

Lear / (Record no. 55583)

MARC details
000 -LEADER
fixed length control field 00680nam a2200241 a 4500
001 - CONTROL NUMBER
control field 55583
003 - CONTROL NUMBER IDENTIFIER
rucl marc code BD-RJUL
005 - DATE AND TIME OF LATEST TRANSACTION
control field 20211209080303.0
008 - FIXED-LENGTH DATA ELEMENTS--GENERAL INFORMATION
fixed length control field 161120s1972 enk 001 0 eng
020 ## - INTERNATIONAL STANDARD BOOK NUMBER
International Standard Book Number 0413287602
International Standard Book Number 041328770X (pbk.)
035 ## - SYSTEM CONTROL NUMBER
System control number (BD-RJUL)55706
040 ## - CATALOGING SOURCE
Original cataloging agency DLC
Transcribing agency DLC
Modifying agency BD-RJUL
Language of cataloging eng
041 ## - LANGUAGE CODE
Language code of text/sound track or separate title eng
082 ## - DEWEY DECIMAL CLASSIFICATION NUMBER
Edition number 23
Classification number 822.914
Author mark and year BOL 1975
100 1# - MAIN ENTRY--PERSONAL NAME
Personal name Bond, Edward.
9 (RLIN) 165582
245 10 - TITLE STATEMENT
Title Lear /
Statement of responsibility, etc. Edward Bond,
260 ## - PUBLICATION, DISTRIBUTION, ETC. (IMPRINT)
Place of publication, distribution, etc. London :
Name of publisher, distributor, etc. Eyre Methuen,
Date of publication, distribution, etc. c1972 [reprinted 1975]
300 ## - PHYSICAL DESCRIPTION
Pagination xiv, 88 p. ;
Size 20 cm
650 ## - SUBJECT ADDED ENTRY--TOPICAL TERM
Topical term or geographic name as entry element Lear, -- King of England (Legendary character) -- Drama
9 (RLIN) 165583
942 ## - ADDED ENTRY ELEMENTS (KOHA)
Source of classification or shelving scheme Dewey Decimal Classification
Koha item type Books
Holdings
Lost status Source of classification or shelving scheme Damaged status Not for loan Collection code Permanent Location Current Location Shelving location Date acquired Source of acquisition Cost, normal purchase price Total Checkouts Full call number Date last seen Copy number Koha item type
  Dewey Decimal Classification     Non-fiction Central Library, University of Rajshahi Central Library, University of Rajshahi   11/07/1977 Helfers, London 75.00   822.914 BOL 1975 20/11/2016 C-2 Books